<?xml version="1.0" encoding="UTF-8"?>
<record
    xmlns:xsi="http://www.w3.org/2001/XMLSchema-instance"
    xsi:schemaLocation="http://www.loc.gov/MARC21/slim http://www.loc.gov/standards/marcxml/schema/MARC21slim.xsd"
    xmlns="http://www.loc.gov/MARC21/slim">

  <leader>00724nam a22001577a 4500</leader>
  <controlfield tag="003">LRUA</controlfield>
  <controlfield tag="005">20240402213446.0</controlfield>
  <controlfield tag="008">240402b        xxu||||| |||| 00| 0 eng d</controlfield>
  <datafield tag="040" ind1=" " ind2=" ">
    <subfield code="c">RUA</subfield>
  </datafield>
  <datafield tag="082" ind1=" " ind2=" ">
    <subfield code="2">AGR LOE 2022 B1-570 Or.</subfield>
  </datafield>
  <datafield tag="100" ind1=" " ind2=" ">
    <subfield code="9">16423</subfield>
    <subfield code="a">LOEM KIMSHINH &#x179B;&#x17B9;&#x1798; &#x1782;&#x17B8;&#x1798;&#x179F;&#x17BB;&#x17B8;&#x1789;</subfield>
  </datafield>
  <datafield tag="245" ind1=" " ind2=" ">
    <subfield code="a">DETERMINATION OF THE AMOUNT OF HYDNOPHYTUM FORMICARUM JACK AND TEMPERATURE FOR AGING THE WHISKEY PRODUCT. &#x1780;&#x17B6;&#x179A;&#x1780;&#x17C6;&#x178E;&#x178F;&#x17CB;&#x1794;&#x179A;&#x17B7;&#x1798;&#x17B6;&#x178E;&#x1798;&#x17D2;&#x179A;&#x17C4;&#x1785;&#x179F;&#x17BD;&#x178F;&#x178A;&#x17C6;&#x179A;&#x17B8; &#x1793;&#x17B7;&#x1784;&#x179F;&#x17B8;&#x178F;&#x17BB;&#x178E;&#x17D2;&#x17A0;&#x1797;&#x17B6;&#x1796;&#x178F;&#x17D2;&#x179A;&#x17B6;&#x17C6;&#x179F;&#x1798;&#x17D2;&#x179A;&#x17B6;&#x1794;&#x17CB;&#x178A;&#x17C6;&#x178E;&#x17BE;&#x179A;&#x1780;&#x17B6;&#x179A;&#x1795;&#x179B;&#x17B7;&#x178F;&#x179F;&#x17D2;&#x179A;&#x17B6;&#x179C;&#x17B8;&#x179F;&#x17D2;&#x1782;&#x17B8;</subfield>
  </datafield>
  <datafield tag="260" ind1=" " ind2=" ">
    <subfield code="a">Phnom Penh</subfield>
    <subfield code="b">RUA</subfield>
    <subfield code="c">2022</subfield>
  </datafield>
  <datafield tag="300" ind1=" " ind2=" ">
    <subfield code="a">IX.40P</subfield>
    <subfield code="b">VII.</subfield>
    <subfield code="c">29CM</subfield>
  </datafield>
  <datafield tag="942" ind1=" " ind2=" ">
    <subfield code="2">ddc</subfield>
    <subfield code="c">AGR</subfield>
  </datafield>
  <datafield tag="999" ind1=" " ind2=" ">
    <subfield code="c">22771</subfield>
    <subfield code="d">22771</subfield>
  </datafield>
  <datafield tag="952" ind1=" " ind2=" ">
    <subfield code="0">0</subfield>
    <subfield code="1">0</subfield>
    <subfield code="2">ddc</subfield>
    <subfield code="4">0</subfield>
    <subfield code="6">AGR_LOE_2022_000000000000000_B1570_OR</subfield>
    <subfield code="7">0</subfield>
    <subfield code="9">97799</subfield>
    <subfield code="a">LBB</subfield>
    <subfield code="b">LBB</subfield>
    <subfield code="c">B1.570</subfield>
    <subfield code="d">2024-04-02</subfield>
    <subfield code="o">AGR LOE 2022 B1-570 Or.</subfield>
    <subfield code="p">a077859</subfield>
    <subfield code="r">2024-04-02</subfield>
    <subfield code="w">2024-04-02</subfield>
    <subfield code="y">AGR</subfield>
  </datafield>
  <datafield tag="952" ind1=" " ind2=" ">
    <subfield code="0">0</subfield>
    <subfield code="1">0</subfield>
    <subfield code="2">ddc</subfield>
    <subfield code="4">0</subfield>
    <subfield code="6">AGR_LOE_2022_000000000000000_B1570_OR</subfield>
    <subfield code="7">0</subfield>
    <subfield code="9">97800</subfield>
    <subfield code="a">LBB</subfield>
    <subfield code="b">LBB</subfield>
    <subfield code="c">B1.570</subfield>
    <subfield code="d">2024-04-02</subfield>
    <subfield code="l">1</subfield>
    <subfield code="o">AGR LOE 2022 B1-570 Or.</subfield>
    <subfield code="p">a078208</subfield>
    <subfield code="r">2025-07-30</subfield>
    <subfield code="s">2025-07-14</subfield>
    <subfield code="w">2024-04-02</subfield>
    <subfield code="y">AGR</subfield>
  </datafield>
  <datafield tag="952" ind1=" " ind2=" ">
    <subfield code="0">0</subfield>
    <subfield code="1">0</subfield>
    <subfield code="2">ddc</subfield>
    <subfield code="4">0</subfield>
    <subfield code="6">AGR_LOE_2022_000000000000000_B1570_OR</subfield>
    <subfield code="7">0</subfield>
    <subfield code="9">97801</subfield>
    <subfield code="a">LBB</subfield>
    <subfield code="b">LBB</subfield>
    <subfield code="c">B1.570</subfield>
    <subfield code="d">2024-04-02</subfield>
    <subfield code="o">AGR LOE 2022 B1-570 Or.</subfield>
    <subfield code="p">a077947</subfield>
    <subfield code="r">2024-04-02</subfield>
    <subfield code="w">2024-04-02</subfield>
    <subfield code="y">AGR</subfield>
  </datafield>
  <datafield tag="952" ind1=" " ind2=" ">
    <subfield code="0">0</subfield>
    <subfield code="1">0</subfield>
    <subfield code="2">ddc</subfield>
    <subfield code="4">0</subfield>
    <subfield code="6">AGR_LOE_2022_000000000000000_B1570_OR</subfield>
    <subfield code="7">0</subfield>
    <subfield code="9">97802</subfield>
    <subfield code="a">LBB</subfield>
    <subfield code="b">LBB</subfield>
    <subfield code="c">B1.570</subfield>
    <subfield code="d">2024-04-02</subfield>
    <subfield code="o">AGR LOE 2022 B1-570 Or.</subfield>
    <subfield code="p">a078228</subfield>
    <subfield code="r">2024-04-02</subfield>
    <subfield code="w">2024-04-02</subfield>
    <subfield code="y">AGR</subfield>
  </datafield>
</record>
